000 00547nam a22001937a 4500
005 20260515161752.0
008 260515b |||||||| |||| 00| 0 eng d
020 _a9783642636530
_c8466.14
040 _aMAIN
041 _aEnglish
082 _a512.7
_bLIN
100 _a Lint, Jacobus Hendricus Van
_9127
245 _aIntroduction to coding theory
_b: Graduate texts in mathematics
250 _a3rd
260 _aUnited State of America
_bSpringer
_c1999
300 _a227
650 _aComputer Science (PM (USHA)
_926808
942 _cBK
999 _c60810
_d60810